| 000 -LEADER |
| fixed length control field |
00626cam a2200229 a 4500 |
| 001 - CONTROL NUMBER |
| control field |
341 |
| 003 - CONTROL NUMBER IDENTIFIER |
| control field |
BD-DhUAP |
| 005 - DATE AND TIME OF LATEST TRANSACTION |
| control field |
20200312153618.0 |
| 008 - FIXED-LENGTH DATA ELEMENTS--GENERAL INFORMATION |
| fixed length control field |
200312s1998 ii 000 0 eng |
| 020 ## - INTERNATIONAL STANDARD BOOK NUMBER |
| International Standard Book Number |
812191583X |
| 020 ## - INTERNATIONAL STANDARD BOOK NUMBER |
| International Standard Book Number |
8121915511 |
| 040 ## - CATALOGING SOURCE |
| Original cataloging agency |
DLC |
| Transcribing agency |
DLC |
| Modifying agency |
BD-DhUAP |
| Language of cataloging |
Eng |
| 082 00 - DEWEY DECIMAL CLASSIFICATION NUMBER |
| Classification number |
822.914 TWA |
| Edition number |
23 |
| 100 ## - MAIN ENTRY--PERSONAL NAME |
| Personal name |
Twain, Mark. |
| 245 14 - TITLE STATEMENT |
| Title |
The adventures of Huckleberry Finn / |
| Statement of responsibility, etc. |
Mark Twain. |
| 260 ## - PUBLICATION, DISTRIBUTION, ETC. |
| Place of publication, distribution, etc. |
New Delhi : |
| Name of publisher, distributor, etc. |
S. Chand & Co. Ltd., |
| Date of publication, distribution, etc. |
[?]. |
| 300 ## - PHYSICAL DESCRIPTION |
| Extent |
152 pages ; |
| Dimensions |
22 cm. |
| 490 ## - SERIES STATEMENT |
| Series statement |
Great Stories in Easy English |
| 650 #0 - SUBJECT ADDED ENTRY--TOPICAL TERM |
| Topical term or geographic name entry element |
Boys |
| Form subdivision |
Drama. |
| 651 #0 - SUBJECT ADDED ENTRY--GEOGRAPHIC NAME |
| Geographic name |
Mississippi River |
| Form subdivision |
Drama. |
| 942 ## - ADDED ENTRY ELEMENTS (KOHA) |
| Source of classification or shelving scheme |
|
| Koha item type |
Book |